Workstudy of Alouette engine overhaul facility (Record no. 323157)

000 -LEADER
fixed length control field 00351 a2200133 4500
001 - CONTROL NUMBER
control field 88084
082 ## - DEWEY DECIMAL CLASSIFICATION NUMBER
Classification number PR 323
090 ## - LOCALLY ASSIGNED LC-TYPE CALL NUMBER (OCLC); LOCAL CALL NUMBER (RLIN)
-- 41494
-- 41494
100 ## - MAIN ENTRY--PERSONAL NAME
Personal name M Zeeshan Iqbal, 005913
245 ## - TITLE STATEMENT
Title Workstudy of Alouette engine overhaul facility
260 ## - PUBLICATION, DISTRIBUTION, ETC.
Place of publication, distribution, etc. Risalpur
Name of publisher, distributor, etc. NUST Risalpur
Date of publication, distribution, etc. 2005
300 ## - PHYSICAL DESCRIPTION
Extent v, 106p.
Accompanying material Rakhman Gul
500 ## - GENERAL NOTE
General note BE Project Reports
942 ## - ADDED ENTRY ELEMENTS (KOHA)
Institution code [OBSOLETE] CAE NUST
Call number prefix PR 323
Holdings
Withdrawn status Lost status Damaged status Not for loan Collection code Permanent Location Current Location Date acquired Total Checkouts Full call number Barcode Date last seen Price effective from Koha item type
          College of Aeronautical Engineering (CAE) College of Aeronautical Engineering (CAE) 04/03/2017   PR 323 CAEPR-323 04/05/2017 04/05/2017 Book
© 2023 Central Library, National University of Sciences and Technology. All Rights Reserved.